000 00600nam a2200229Ia 4500
003 OSt
005 20220923230539.0
006 a|||||r|||| 00| 0
007 ta
008 Pun
024 _a283,077
037 _cTextual
040 _aARTS
_cARTS
_bPun
041 _2Pun
_aPun
082 _aO153,3NKAx, M3
100 _aਕFਮੀਰੀ, ਕੰਵਲ
_9169048
245 0 _aਕੂੰਜਾਂ ਦੀ ਡਾਰ
260 _c1983
650 _aਪੰਜਾਬੀ ਸਾਹਿਤ
942 _hO153,3NKAx, M3
_cTEXL
_2CC
999 _c385620
_d385620